000 00680nam a2200277Ia 4500
005 20260324125241.0
008 008 260324s9999 xx 000 0 eng d
020 _a9780203868959
037 _aEBOOK
040 _aCRL
040 _beng
040 _cCRL
041 _2eng
041 _aeng
084 _qCRL
100 _aJan Foale; Linda Pagett
_91177270
245 0 _aCreative Approaches to Poetry for the Primary Framework for Literacy
260 _bTaylor and Francis
260 _c2009
365 _a
365 _b300
856 _uhttp://www.taylorfrancis.com/books/9780203868959
942 _cEBOOK
999 _c1772357
_d1772357